Statistics for Helldivers 2 - Stratagems

Click here to take the quiz!

General Stats

  • This quiz has been taken 64 times
  • The average score is 35 of 50

Answer Stats

CategorieStratagem% Correct
Offensive: EagleEagle 500kg Bomb
96%
Supply: Support WeaponsMachine Gun
88%
Supply: Support WeaponsAutocannon
84%
Offensive: EagleEagle Napalm Strike
84%
Supply: BackpacksGuard Dog
84%
DefensiveMachine Gun Sentry
84%
Offensive: EagleEagle Airstrike
82%
Supply: Support WeaponsExpendable Anti-Tank
82%
DefensiveMortar Sentry
82%
Supply: Support WeaponsQuasar Cannon
82%
Offensive: EagleEagle Cluster Bomb
80%
Offensive: OrbitalOrbital Gas Strike
80%
Supply: BackpacksSupply Pack
80%
Offensive: EagleEagle Strafing run
78%
Offensive: OrbitalOrbital Precision Strike
78%
Offensive: OrbitalOrbital Railcannon Strike
78%
Supply: Support WeaponsRecoilless Rifle
78%
Supply: Support WeaponsStalwart
78%
Supply: Support WeaponsFlamethrower
76%
Offensive: OrbitalOrbital 380mm HE Barrage
76%
Offensive: OrbitalOrbital EMS Strike
76%
Supply: Support WeaponsRailgun
76%
DefensiveAutocannon Sentry
73%
DefensiveGatling Sentry
73%
Supply: BackpacksGuard Dog Rover
73%
Offensive: OrbitalOrbital 120mm HE Barrage
73%
DefensiveEMS Mortar Sentry
71%
Offensive: OrbitalOrbital Laser
71%
Offensive: OrbitalOrbital Walking Barrage
67%
Offensive: EagleEagle 110mm Rocket Pods
65%
Offensive: EagleEagle Smoke Strike
65%
Supply: Support WeaponsHeavy Machine Gun
65%
DefensiveHMG Emplacement
65%
Offensive: OrbitalOrbital Smoke Strike
65%
Supply: VehicelsPatriot Exosuit
65%
Supply: Support WeaponsAnti-Materiel Rifle
63%
Supply: Support WeaponsArc Thrower
63%
DefensiveRocket Sentry
63%
Supply: BackpacksShield Generator Pack
63%
DefensiveIncendiary Mines
61%
Supply: Support WeaponsSpear
61%
DefensiveTesla Tower
61%
Supply: Support WeaponsGrenade Launcher
57%
Supply: Support WeaponsLaser Cannon
57%
Supply: BackpacksJump Pack
55%
Supply: BackpacksBallistic Shield
53%
Offensive: OrbitalOrbital Airburst Strike
51%
Offensive: OrbitalOrbital Gatling Barrage
51%
DefensiveShield Generator Relay
45%
DefensiveAnti-Personel Minefield
43%

Score Distribution

Percentile by Number Answered

Percent of People with Each Score

Your Score History

You have not taken this quiz